| 000 | 00835nam a22002417a 4500 | ||
|---|---|---|---|
| 003 | 0 | ||
| 005 | 20160609171039.0 | ||
| 008 | 120611t xxu||||| |||| 00| 0 eng d | ||
| 020 | _a978-2-8004-1398-3 | ||
| 040 |
_aBUAC _bFre. _cBUC |
||
| 041 | _aFre. | ||
| 100 |
_aPerelman, Chaïm _921084 |
||
| 245 |
_aTraité de l'argumentation : _bLa nouvelle rhétorique _c/Chaïm Perelman et Lucie Olbrechts-Tyteca ; préf de Michel Meyer |
||
| 250 | _a6ème éd. | ||
| 260 |
_aBruxelles _bEditions de l'Université de Bruxelles _c2008 |
||
| 300 |
_a740p. _c22 cm. |
||
| 440 |
_a(Fondamentaux ULB. Lire) _921085 |
||
| 500 | _aComprend : Index p. 683 - 712 ; Bibliogr. p. 713 - 736 | ||
| 630 |
_aSCIENCES SOCIALES _921086 |
||
| 650 |
_aCommunication : théorie _921087 |
||
| 700 |
_aOlbrechts-Tyteca, Lucie _cCollab. _921088 |
||
| 942 | _cLIVR | ||
| 999 |
_c50106 _d50106 |
||